Disincentives to teaching : teacher reactions to legislated learning (Record no. 66167)

MARC details
000 -CABECERA
campo de control de longitud fija 00663nam a2200241 a 4500
005 - FECHA Y HORA DE LA ÚLTIMA TRANSACCIÓN
campo de control 20210219153016.0
008 - ELEMENTOS DE LONGITUD FIJA--INFORMACIÓN GENERAL
campo de control de longitud fija 991125n 000 0 eng u
035 ## - NÚMERO DE CONTROL DEL SISTEMA
Número de control de sistema UPN01000072915
100 ## - ASIENTO PRINCIPAL--NOMBRE PERSONAL
Nombre de persona McCloskey, Gary N.
222 ## - TÍTULO CLAVE
Título clave EDUCATIONAL POLICY
245 ## - MENCIÓN DE TÍTULO
Título Disincentives to teaching : teacher reactions to legislated learning
300 ## - DESCRIPCIÓN FÍSICA
Extensión 251-265
362 ## - FECHAS DE PUBLICACIÓN Y/O DESIGNACIÓN SECUENCIAL
Fecha de publicación y/o designación secuencial 1991 5, no. 3
653 0# - TERMINO DE INDIZACION - NO CONTROLADO
Término no controlado CAMBIO EDUCATIVO
653 0# - TERMINO DE INDIZACION - NO CONTROLADO
Término no controlado CENTRALIZACION
653 0# - TERMINO DE INDIZACION - NO CONTROLADO
Término no controlado INCENTIVOS
653 0# - TERMINO DE INDIZACION - NO CONTROLADO
Término no controlado LEGISLACION ESTATAL
653 0# - TERMINO DE INDIZACION - NO CONTROLADO
Término no controlado RESPUESTA DEL MAESTRO
700 ## - ASIENTO SECUNDARIO--NOMBRE DE PERSONAL
Nombre de persona Provenza, Eugene F.
700 ## - ASIENTO SECUNDARIO--NOMBRE DE PERSONAL
Nombre de persona Cohn, Marilyn M.
904 ## - ELEMENTOS DE DATOS D LOCAL, LDD (RLIN)
a AC
b 010726
905 ## - TIPO DE MATERIAL
Tipo de material Articulo

No items available.